| 000 | 00345nam a2200133Ia 4500 | ||
|---|---|---|---|
| 008 | 240624s9999 xx 000 0 und d | ||
| 041 | _aeng | ||
| 082 | _a658.314 TRA | ||
| 100 | _aTRACY BRIAN | ||
| 245 | _aFULL ENGAGEMENT INSPIRE MOTIVATE AND BRI | ||
| 260 |
_c2011 _aNew York _bAMACOM |
||
| 300 | _aviii, : 226 : p. : cm. ; 23 | ||
| 365 |
_c _b28 |
||
| 999 |
_c22035 _d22035 |
||